Central Library and Information Centre
Sibsagar Girls' College, Sivasagar : Assam

ASOMOR NABA JAGARAN : ANA ASOMIYAR BHUMIKA (Record no. 3256)

MARC details
000 -LEADER
fixed length control field 00433cam a2200169ua 4500
008 - FIXED-LENGTH DATA ELEMENTS--GENERAL INFORMATION
fixed length control field 131203n II |||gr||||Z||||||asm
040 ## - CATALOGING SOURCE
Original cataloging agency MAIN
041 ## - LANGUAGE CODE
-- English
082 ## - DEWEY DECIMAL CLASSIFICATION NUMBER
Classification number 891.451 BOR
100 ## - MAIN ENTRY--PERSONAL NAME
Personal name BORPUZARI, HAROSWAR KANTA.
245 ## - TITLE STATEMENT
Title ASOMOR NABA JAGARAN : ANA ASOMIYAR BHUMIKA
260 ## - PUBLICATION, DISTRIBUTION, ETC.
Place of publication, distribution, etc. GAUHATI:
Name of publisher, distributor, etc. ASOM PRAKASHAN PARISHAD,
Date of publication, distribution, etc. 1987.
300 ## - PHYSICAL DESCRIPTION
Extent 83.:
Dimensions 20CM.
942 ## - ADDED ENTRY ELEMENTS (KOHA)
Koha item type Books
653 ## - INDEX TERM--UNCONTROLLED
Uncontrolled term Asomiya Sahitya
Holdings
Withdrawn status Lost status Damaged status Not for loan Collection code Home library Current library Shelving location Date acquired Full call number Barcode Date last seen Copy number Price effective from Koha item type
        REFASM Central Library and Information Centre Sibsagar Girls College Central Library and Information Centre Sibsagar Girls College   07.03.1985 891.451 BOR 11502 27.02.2020 1 27.02.2020 Books


Sibsagar Girl's College © 2020. All rights reserved.
Powered by Koha.
Maintained by Abhijit Borpuzari.